E-commerce pre leasingovú spoločnosť : Bakalárska práca

Gespeichert in:
Bibliographische Detailangaben
1. Verfasser: Válek, Radoslav (Verfasst von)
Weitere Verfasser: Nemlaha, Eduard, 1969- (xxx)
Format: Manuskript Buch
Sprache:Slowakisch
Veröffentlicht: Trnava : STU v Bratislave MtF KAIA, 2003
Schlagworte:
Tags: Tag hinzufügen
Keine Tags, Fügen Sie das erste Tag hinzu!

MARC

LEADER 00000ntm a22000003a 4500
001 stu83092
005 20160719154834.4
008 040109s2003----xo------------------slo-d
040 |a STU  |b slo 
041 0 |a slo 
044 |a xo 
100 1 |a Válek, Radoslav  |4 aut 
245 1 |a E-commerce pre leasingovú spoločnosť :  |b Bakalárska práca 
260 |a Trnava :  |b STU v Bratislave MtF KAIA,  |c 2003 
300 |a 56 s  |c príl 
650 7 |a e-commerce  |2 estusub 
650 7 |a elektronický obchod  |2 stusub 
650 7 |a aplikovaná informatika a informačné systémy  |2 stusub 
700 1 |a Nemlaha, Eduard,  |d 1969-  |4 xxx  |u M6000  |U MTF Materiálovotechnologická fakulta  |T MTF Ústav aplikovanej informatiky, automatizácie a matematiky  |X 2759  |U M6000  |Y 86  |7 A000002759 
996 |b 284M054739  |c M*BP-139  |l MMSKP  |s P  |a 0  |w stu83092_0001